| 000 | 00597nam a2200193 a 4500 | ||
|---|---|---|---|
| 008 | 971211s1978 m yxo a 0 slo c | ||
| 040 |
_aSNK _bslo _cSNK _eAACR2 |
||
| 041 | 1 | _aslo | |
| 044 |
_axo _cSK |
||
| 080 | _a908.437.6(084.12) | ||
| 100 | 1 |
_aHaviarová, Darina _4aut |
|
| 245 | 1 | 0 |
_aVlastivedný sprievodca po Slovensku _cDarina Haviarová, Pavol Uhrin |
| 260 |
_aBratislava _bSlovenské pedagogické nakladateťstvo _c1978 |
||
| 300 |
_a328 s., [60] s fot. príl. _c21 cm |
||
| 651 | 0 | 7 |
_aSlovensko _xvlastiveda _xpríručky _2SNK |
| 700 | 1 |
_aUhrin, Pavol _4aut |
|
| 020 | _c33 | ||
| 958 | _aA | ||
| 999 |
_c14897 _d14897 |
||